<?xml version="1.0" encoding="UTF-8"?>
<record
    xmlns:xsi="http://www.w3.org/2001/XMLSchema-instance"
    xsi:schemaLocation="http://www.loc.gov/MARC21/slim http://www.loc.gov/standards/marcxml/schema/MARC21slim.xsd"
    xmlns="http://www.loc.gov/MARC21/slim">

  <leader>00762nab a2200217 i 4500</leader>
  <controlfield tag="001">BPP</controlfield>
  <controlfield tag="003">BPK</controlfield>
  <controlfield tag="005">20160524114656.0</controlfield>
  <controlfield tag="008">151127s1983    pl  |  |     |000 ||pol</controlfield>
  <datafield tag="040" ind1=" " ind2=" ">
    <subfield code="c">BPK</subfield>
  </datafield>
  <datafield tag="080" ind1=" " ind2=" ">
    <subfield code="a">32</subfield>
  </datafield>
  <datafield tag="100" ind1=" " ind2=" ">
    <subfield code="a">&#x15A;NIADECKI, Janusz.</subfield>
    <subfield code="d">1980 - 1996.</subfield>
    <subfield code="b">Wy&#x17C;sza Szko&#x142;a In&#x17C;ynierska w Koszalinie - Instytut Nauk Spo&#x142;ecznych,</subfield>
    <subfield code="c">Zak&#x142;ad Filozofii, Socjologii i Psychologii</subfield>
  </datafield>
  <datafield tag="245" ind1=" " ind2=" ">
    <subfield code="a">Analiza indeksu osobowego jako metoda badania zjawisk kulturowych /</subfield>
    <subfield code="c">Janusz &#x15A;niadecki.</subfield>
  </datafield>
  <datafield tag="260" ind1=" " ind2=" ">
    <subfield code="c">1983.</subfield>
  </datafield>
  <datafield tag="500" ind1=" " ind2=" ">
    <subfield code="a">Dane z kartoteki bpp.</subfield>
  </datafield>
  <datafield tag="650" ind1=" " ind2="0">
    <subfield code="a">Kultura.</subfield>
  </datafield>
  <datafield tag="650" ind1=" " ind2="0">
    <subfield code="a">Czasopisma literackie polskie.</subfield>
  </datafield>
  <datafield tag="650" ind1=" " ind2="0">
    <subfield code="a">Indeksy.</subfield>
  </datafield>
  <datafield tag="773" ind1=" " ind2=" ">
    <subfield code="i">W :</subfield>
    <subfield code="t">Kwartalnik Historii Prasy Polskiej. -</subfield>
    <subfield code="g">1983, nr 1, s. 5-17</subfield>
  </datafield>
  <datafield tag="942" ind1=" " ind2=" ">
    <subfield code="c">ART</subfield>
    <subfield code="2">UKD</subfield>
  </datafield>
  <datafield tag="999" ind1=" " ind2=" ">
    <subfield code="c">7080</subfield>
    <subfield code="d">7080</subfield>
  </datafield>
</record>
